Регионална библиотека "Любен Каравелов" - Русе

Sinfonie Nr.5 [CD Audio] (Запис номер 218681)

MARC детайли
000 -Лидер
Контролно поле с фиксирана дължина 01145njm a2200349 c 4500
003 - Код на организацията, давaща контролен номер
Контролно поле BLK
005 - Дата и час на последна редакция
Контролно поле 20240823005405.0
008 - Елементи от данни с фиксирана дължина
fixed length control field 180410b bul||n||s|||||||| n|bulo|
010 ## - Наследен системен номер
LC control number CDD00001182000
040 ## - Източник на каталожния запис
Идентификатор на билиотеката - собственик на записа BLK
041 ## - Код за език
Код за езика на текст/звукозапис или на отделно заглавие Немски
Код за езика КДБФ Немски
Други езици Английски
080 ## - УДК
Текстов определител УДК Симфонии
УДК код - определител по УДК 785.082.1
УДК определител
УДК - код + определител 785.082.1
100 1# - Редна дума - Автор
Автор Mahler, Gustav
R(LIN) 17569
139 ## - Редно поле
Редна дума Mahler, Gustav
Авторски знак Mah - M 18
245 10 - Сведения за заглавието
Заглавие Sinfonie Nr.5 [CD Audio]
Подзаглавни данни In cis-moll
Редно поле (дума) Gustav Mahler; * П. Бахметьев; Mitteldeutschen Rundfunk Sinfonieorchester; диригент Fabio Luisi.
257 ## - Страна на издаване
Страна на създаване/издаване Германия
260 ## - Област на издателските данни
-- Leipzig
Име на издателя, разпространителя и проч. GIB Classics
Година на издаване 1999
300 ## - Физическа характеристика
Размери/Мащаб 12 см. Stereo
Тип мерна единица бр. в к-т
Количество на мерната единица 1 CD
306 ## - Продължителност на изпълнението
Времетраене 76 мин., 28 сек.
380 ## - Жанр
Жанр Изкуство
650 #4 - Допълнително описание по предмет – тема
Основно описание – тема или топоним Симфонии
9 (RLIN) 170960
653 ## - Ключова дума – ненормативна
Ключова дума симфонии
700 1# - Други автори (авторска отговорност)
Лично име Бахметьев, П.
Автороска отговорност (Описва отношението между автора и произведението) *
9 (RLIN) 387511
700 1# - Други автори (авторска отговорност)
Лично име Mitteldeutschen Rundfunk Sinfonieorchester
9 (RLIN) 18917
700 1# - Други автори (авторска отговорност)
Лично име Luisi, Fabio
Автороска отговорност (Описва отношението между автора и произведението) диригент
9 (RLIN) 17346
852 ## - Местоположение
Форматна сигнатура Цб CD 1723
Част 0
856 4# - Електронен адрес и достъп
Електронен формат pdf - файл
Път до файла /url/
856 4# - Електронен адрес и достъп
Електронен формат pdf - файл
Път до файла /url/
942 ## - АРТИКУЛИ
Вид на библиотечния материал Компактдискове
Скрит в OPAC Не
944 ## - СЪЗДАВАНЕ И РЕДАКЦИЯ на ЗАПИСА
Създаване/Редакция Създаване
Дата на регистрацията/редакция 01.09.2010
Служител, извършил регистрацията/редакцията
Статус, дата на статуса CRON CRON
944 ## - СЪЗДАВАНЕ И РЕДАКЦИЯ на ЗАПИСА
Създаване/Редакция Редакция
Дата на регистрацията/редакция 02.11.2010
Служител, извършил регистрацията/редакцията
999 ## - СИСТЕМНИ КОНТРОЛНИ НОМЕРА
Koha biblionumber 218681
Koha biblioitemnumber 218681
Наличности
Код за отписване Код за изгубен артикул Източник на класификационната схема Код за повреда Коз за рестрикции Код за отдаване Артикулен № Име на библиотеката - собственик Име на библиотеката, в която се намира в момента Статус (Текущо местоположение) Дата на вписване в системата Местоположение - отдел Цена в лева Инвентарен номер Систематично азбучна сигнатура Баркод Номер на екземпляра Цена в евро Служебна бележка Служебен тип на артикула
  Не е изгубен Universal Decimal Classification Не е повреден без рестрикции заемане за дома 390068 Регионална библиотека "Любен Каравелов" Русе Регионална библиотека "Любен Каравелов" Русе Отдел Изкуство - подръчен фонд 2008-04-25 Отдел Изкуство - подръчен фонд 5.00 250000003067 785/M 18 G 250000003067 1 2.56 Дост: DA Вид: А N: 8 Дата: 25.04.2008 Съставил: Валя_Йорданова Компактдискове
Vip Innovations Ltd, Rousse, Bulgaria 2025